000 00534pam a2200217 i 4500
001 818717
005 20180112043009.0
008 760922s1977 maua b 001 0 eng
010 _a 76045765
020 _a0674639405
040 _aDLC
_cDLC
_dDLC
041 _aeng
080 _a575.01
082 0 0 _a575.01 GOI
100 1 _a5
101 _aBKI
245 1 0 _aOntogeny and phylogeny /
_cStephen Jay Gould.
504 _aBibliography: p. 441-477.
906 _a7
_bcbc
_corignew
_d1
_eocip
_f19
_gy-gencatlg
942 _2ddc
_cBK
999 _c40183
_d40183